| 000 | 00556nam a2200205Ia 4500 | ||
|---|---|---|---|
| 005 | 20250923144827.0 | ||
| 008 | 008 250917s9999 xx 000 0 eng d | ||
| 037 | _aTextual | ||
| 040 |
_aDSWL _beng _cDSWL |
||
| 041 |
_aeng _2eng |
||
| 084 |
_azGx, N62 _qDSWL |
||
| 100 |
_aBose, Nirmal Kumar _9828823 |
||
| 245 | 0 |
_aStudies in Gandhism _cby Nirmal Bose |
|
| 260 |
_aCalcutta _bMeritPule Cornwallis St _c1962 |
||
| 300 | _a316p. | ||
| 365 |
_aINR _b8 |
||
| 925 | _g8 | ||
| 942 |
_cTEXL _hzGx, N62 |
||
| 999 |
_c1443843 _d1443843 |
||